[Event "Campalto CIS 54th Serie C12"]
[Site "Campalto"]
[Date "2023.05.21"]
[Round "4.1"]
[White "Ridolfo, Enrico"]
[Black "Bertaglia, Luca"]
[Result "1/2-1/2"]
[WhiteElo "2075"]
[BlackElo "2033"]
[PlyCount "76"]
[EventDate "2023.05.19"]
[EventType "team-tourn"]
[EventRounds "5"]
[EventCountry "ITA"]
[SourceTitle "EXT 2024"]
[Source "ChessBase"]
[SourceDate "2023.10.10"]
[SourceVersion "1"]
[SourceVersionDate "2023.10.10"]
[SourceQuality "1"]
[WhiteTeam "Conegliano Queen"]
[BlackTeam "Venice Canal"]
[WhiteTeamCountry "ITA"]
[BlackTeamCountry "ITA"]

1. e4 c5 2. b4 cxb4 3. a3 d5 4. exd5 Qxd5 5. Nf3 e6 6. axb4 Bxb4 7. c3 Be7 8. Na3 Nc6 9. Nb5 Qd8 10. d4 Nf6 11. Bd3 0-0 12. 0-0 b6 13. c4 Bb7 14. Bf4 Nb4 15. Rxa7 Rxa7 16. Nxa7 Nxd3 17. Qxd3 Be4 18. Qc3 h6 19. Nb5 Qc8 20. Ne5 Qb7 21. f3 Bc6 22. Rb1 Nd7 23. Nxd7 Qxd7 24. Be3 Ra8 25. Qd2 Bxb5 26. Rxb5 Ra1+ 27. Kf2 Bd8 28. d5 Bc7 29. Bd4 Ra5 30. Rxa5 bxa5 31. Qb2 f6 32. dxe6 Qxe6 33. Qb5 Qd6 34. Qe8+ Kh7 35. Qe4+ Kg8 36. Qe8+ Kh7 37. Qe4+ Kg8 38. Qe8+ Kh7 1/2-1/2

[Event "Conegliano op"]
[Site "Conegliano"]
[Date "2008.06.02"]
[Round "5"]
[White "Bertaglia, Luca"]
[Black "Boscolo Meneguolo, Federico"]
[Result "1-0"]
[WhiteElo "2064"]
[BlackElo "1930"]
[PlyCount "117"]
[EventDate "2008.05.31"]
[EventType "swiss"]
[EventRounds "6"]
[EventCountry "ITA"]
[SourceTitle "CBM 124 Extra"]
[Source "ChessBase"]
[SourceDate "2008.07.03"]
[SourceVersion "1"]
[SourceVersionDate "2008.07.03"]
[SourceQuality "1"]

1. e4 e5 2. Nf3 Nf6 3. Nxe5 d6 4. Nf3 Nxe4 5. Nc3 d5 6. Qe2 Be7 7. Nxe4 dxe4 8. Qxe4 0-0 9. Bc4 Re8 10. 0-0 Bf6 11. Qf4 a6 12. d4 b5 13. Bb3 Bb7 14. c3 Nd7 15. Bd2 c5 16. Rfe1 cxd4 17. Rxe8+ Qxe8 18. Re1 Qf8 19. cxd4 Bxf3 20. Qxf3 Rd8 21. Ba5 Rc8 22. Qb7 Nb8 23. Bxf7+ Kh8 24. Qxc8 Qxc8 25. Re8+ Qxe8 26. Bxe8 Kg8 27. Bc7 Kf8 28. Bxb8 Kxe8 29. Be5 Ke7 30. f4 g5 31. Bxf6+ Kxf6 32. fxg5+ Kxg5 33. Kf2 Kf4 34. d5 Ke5 35. Ke3 Kxd5 36. g4 a5 37. Kf4 Kd4 38. g5 Kd3 39. h4 Kc2 40. h5 Kxb2 41. g6 hxg6 42. hxg6 Kxa2 43. g7 b4 44. g8Q+ b3 45. Qa8 b2 46. Qxa5+ Kb3 47. Qb5+ Kc2 48. Qc4+ Kd1 49. Qb3+ Kc1 50. Qc3+ Kb1 51. Ke3 Ka2 52. Qa5+ Kb3 53. Qb5+ Kc2 54. Qd3+ Kc1 55. Qc3+ Kb1 56. Kd2 Ka2 57. Qa5+ Kb1 58. Kc3 Kc1 59. Qa3 1-0

[Event "Conegliano op"]
[Site "Conegliano"]
[Date "2008.05.31"]
[Round "1"]
[White "Bertaglia, Luca"]
[Black "Jovanic, Ognjen"]
[Result "0-1"]
[WhiteElo "2064"]
[BlackElo "2504"]
[PlyCount "98"]
[EventDate "2008.05.31"]
[EventType "swiss"]
[EventRounds "6"]
[EventCountry "ITA"]
[SourceTitle "CBM 124 Extra"]
[Source "ChessBase"]
[SourceDate "2008.07.03"]
[SourceVersion "1"]
[SourceVersionDate "2008.07.03"]
[SourceQuality "1"]

1. e4 c5 2. c3 Nf6 3. e5 Nd5 4. d4 cxd4 5. cxd4 d6 6. Nf3 Nc6 7. Bc4 Nb6 8. Bb5 dxe5 9. Nxe5 Bd7 10. Nxd7 Qxd7 11. Nc3 Rd8 12. 0-0 e6 13. Bg5 Be7 14. Bxe7 Qxe7 15. Qf3 Qd7 16. Rfd1 0-0 17. Bxc6 bxc6 18. Rac1 Qb7 19. Ne4 Nd5 20. Rd2 Ne7 21. Nc5 Qb6 22. Qe4 Qa5 23. Qe1 Rd5 24. a3 Nf5 25. b4 Qb6 26. Nb3 Rfd8 27. Rdc2 R8d6 28. g3 Nxd4 29. Nxd4 Rxd4 30. Rc5 h6 31. Kg2 Qa6 32. Ra5 Qb7 33. Rac5 Rd3 34. Qe4 R3d4 35. Qf3 Rd3 36. Qe4 f5 37. Qe5 Kh7 38. R1c3 Qd7 39. h4 Rxc3 40. Qxc3 Rd3 41. Qc4 Rxa3 42. Rxc6 Qd1 43. Ra6 Qf3+ 44. Kg1 Rc3 45. Qf1 e5 46. Rxa7 e4 47. Qe1 Qd3 48. Re7 Qd4 49. Rd7 Rxg3+ 0-1

[Event "Genova op 10th"]
[Site "Genova"]
[Date "2006.08.14"]
[Round "9"]
[White "Bertaglia, Luca"]
[Black "Brun, Dario"]
[Result "1/2-1/2"]
[WhiteElo "2031"]
[BlackElo "2040"]
[PlyCount "47"]
[EventDate "2006.08.07"]
[EventType "swiss"]
[EventRounds "9"]
[EventCountry "ITA"]
[SourceTitle "CBM 113 Extra"]
[Source "ChessBase"]
[SourceDate "2006.09.14"]
[SourceVersion "1"]
[SourceVersionDate "2006.09.14"]
[SourceQuality "1"]

1. d4 d5 2. c4 c6 3. Nf3 Nf6 4. e3 e6 5. Nbd2 Nbd7 6. b3 Bd6 7. Bb2 0-0 8. Bd3 Qe7 9. Ne5 Ba3 10. Bxa3 Qxa3 11. 0-0 Nxe5 12. dxe5 Nd7 13. f4 Qc5 14. Rf3 f5 15. Rc1 Nb6 16. Kh1 Rd8 17. cxd5 Qxd5 18. e4 Qd4 19. Qe2 Qb2 20. Rc2 Qa1+ 21. Rf1 Qd4 22. Rf3 Qa1+ 23. Rf1 Qd4 24. Rf3 1/2-1/2

[Event "Genova op 10th"]
[Site "Genova"]
[Date "2006.08.10"]
[Round "4"]
[White "Di Paolo, Raffaele"]
[Black "Bertaglia, Luca"]
[Result "1-0"]
[WhiteElo "2334"]
[BlackElo "2031"]
[PlyCount "34"]
[EventDate "2006.08.07"]
[EventType "swiss"]
[EventRounds "9"]
[EventCountry "ITA"]
[SourceTitle "CBM 113 Extra"]
[Source "ChessBase"]
[SourceDate "2006.09.14"]
[SourceVersion "1"]
[SourceVersionDate "2006.09.14"]
[SourceQuality "1"]

1. e4 c5 2. Nf3 e6 3. d4 cxd4 4. Nxd4 Nc6 5. Nc3 Qc7 6. Be3 a6 7. Qd2 Nf6 8. f3 Bb4 9. a3 Ba5 10. Nb3 Bb6 11. Bxb6 Qxb6 12. Qd6 Qe3+ 13. Be2 b6 14. Rd1 Qg5 15. 0-0 Qe5 16. Qxe5 Nxe5 17. f4 Neg4 1-0